Μεθοδολογία εμπειρικής έρευνας στις κοινωνικές επιστήμες : ανάλυση δεδομένων με τη χρήση του SPSS 13
Αποθηκεύτηκε σε:
| Κύριος συγγραφέας: | |
|---|---|
| Μορφή: | Βιβλίο |
| Γλώσσα: | Greek |
| Δημοσίευση: |
Αθήνα :
Gutenberg,
2006
|
| Σειρά: | Βιβλιοθήκη κοινωνικής επιστήμης και κοινωνικής πολιτικής
|
| Θέματα: | |
| Ετικέτες: |
Προσθήκη ετικέτας
Δεν υπάρχουν, Καταχωρήστε ετικέτα πρώτοι!
|
MARC
| LEADER | 00000nam a2200000 i 4500 | ||
|---|---|---|---|
| 001 | 1/67157 | ||
| 008 | 071211s2006 gre d | ||
| 020 | |a 960-01-1117-0 | ||
| 035 | |l 10093006 | ||
| 040 | |a GR-MY-UA |b gre |e aacr | ||
| 041 | 0 | |a gre | |
| 082 | 0 | |a 300.72 |2 (22) | |
| 100 | 1 | |a Νόβα-Καλτσούνη, Χριστίνα. | |
| 245 | 1 | 0 | |a Μεθοδολογία εμπειρικής έρευνας στις κοινωνικές επιστήμες : |b ανάλυση δεδομένων με τη χρήση του SPSS 13 / |c Χριστίνα Νόβα-Καλτσούνη |
| 260 | |a Αθήνα : |b Gutenberg, |c 2006 | ||
| 300 | |a 283 σ.; |b πίν., σχέδια; |c 24 εκ.+ |e 1 οπτική δισκέτα λέϊζερ Η/Υ 4 3/4 ίν. | ||
| 490 | 1 | |a Βιβλιοθήκη κοινωνικής επιστήμης και κοινωνικής πολιτικής | |
| 500 | |a Περιέχει cd ασκήσεων | ||
| 504 | |a Βιβλιογραφία: σ. 281-283 | ||
| 650 | 0 | 0 | |a Social sciences |x Research |x Methodology. |
| 830 | 0 | |a Βιβλιοθήκη κοινωνικής επιστήμης και κοινωνικής πολιτικής | |
| 852 | |a INST |b CHIOS |e 20071211 |h 387.72 ΝΟΒ |p 005200028126 |q 005200028126 |t BK |y 0 | ||
| 852 | |a INST |b CHIOS |e 20071211 |h 387.72 ΝΟΒ |p 005200028868 |q 005200028868 |t BK |y 0 | ||
| 901 | |a BIBL2-2007-3 | ||
| 909 | |a Χ |b 140751 | ||
| 909 | |a Χ |b 131524 | ||
| 922 | |a 2ΕΛΗ |b 200711 |c ΕΠΕΑΕΚ2/ΤΝΕΥ |d Σ. ΠΑΤΑΚΗΣ | ||
| 970 | |a ΑΤΣΑΛΗ |b ΔΕΣΠΟΙΝΑ |z 2007/12/12 | ||